000 00912nam a2200265Ia 4500
003 OSt
005 20221007120832.0
006 a|||||r|||| 00| 0
007 ta
008 221006b |||||||| |||| 00| 0 eng d
020 _a0879696966 (pbk)
024 _a12497
037 _b008/2004-2005, 28/04/2004, Apple Books
_cTextual
040 _aBDL
_cBDL
_beng
041 _2eng
_aeng
082 _aE92Z2:3, P4 Carb
100 _aSimpson Richard J. Ed.
_9434861
245 0 _aPurifying proteins for proteomics: A laboratory manual
260 _aNew
_bYork Cold Spring Harbor Laboratory Press
_c2004
300 _axi, 801p.
_ccm.
500 _aIncludes bibliographical references; Appendix 1-7, 637-784p; Index 785-801p
650 _aChemistry
942 _hE92Z2:3, P4 Carb
_cTEXL
_2CC
999 _c1208088
_d1208088